[Event "ITA-ch U14"]
[Site "Tarvisio"]
[Date "2023.07.02"]
[Round "1"]
[White "Palozza, Flavio"]
[Black "Dignoti Parenti, Emanuele"]
[Result "1-0"]
[WhiteElo "1857"]
[BlackElo "1316"]
[PlyCount "38"]
[EventDate "2023.07.02"]
[EventType "swiss"]
[EventRounds "9"]
[EventCountry "ITA"]
[SourceTitle "EXT 2024"]
[Source "ChessBase"]
[SourceDate "2023.10.10"]
[SourceVersion "1"]
[SourceVersionDate "2023.10.10"]
[SourceQuality "1"]

1. e4 e5 2. Nf3 Nc6 3. d4 exd4 4. Nxd4 Bc5 5. Nb3 Bb6 6. Nc3 Qf6 7. Qe2 Nge7 8. Be3 0-0 9. 0-0-0 d6 10. f3 Be6 11. h4 Bxe3+ 12. Qxe3 d5 13. exd5 Nf5 14. Qf4 Rad8 15. Bd3 Bxd5 16. Qxf5 Qxf5 17. Bxf5 Bxb3 18. axb3 g6 19. Be4 Nd4 1-0